Apprendre l'italien : Compter de 1 à 20 (it-->fr) - Statistiques

Statistiques générales
  • Ce quiz a été pris 98 fois
  • Le résultat moyen est 19 sur 20
Statistiques - réponses
Hint Réponse % Correct
uno 1
100%
quattordici 14
100%
due 2
100%
tre 3
100%
quattro 4
100%
sette 7
100%
otto 8
100%
cinque 5
99%
dieci 10
98%
sei 6
98%
nove 9
98%
undici 11
97%
quindici 15
97%
diciannove 19
97%
venti 20
97%
diciassette 17
94%
tredici 13
93%
sedici 16
93%
dodici 12
88%
diciotto 18
84%
Aucun quiz correspondant
Distribution des résultats
% des personnes avec chaque résultat
Percentile par nombre de réponses
Votre historique - résultats
Vous n’avez pas pris ce quiz